A szászrégeni kötélverő mesterségről
Elmentve itt :
| Szerző: | |
|---|---|
| Adatforrás: | Meister |
| Forrásdokumentuma: | Művelődés. - 7-8 sz., 1991, 49-50 p. |
| Nyelv: | magyar |
| Kulcsszavak: | várostörténet gazdaságtörténet hagyományos mesterségek Szászrégen |
| LEADER | 00448nab a2200157 i 4500 | ||
|---|---|---|---|
| 001 | bibPRO00002856 | ||
| 008 | 060524s1991 xx hun | ||
| 040 | |a Sz1 | ||
| 041 | |a hun | ||
| 100 | 1 | |a BÍRÓ Donát | |
| 245 | 1 | 2 | |a A szászrégeni kötélverő mesterségről |c BÍRÓ Donát |
| 695 | |a várostörténet | ||
| 695 | |a gazdaságtörténet | ||
| 695 | |a hagyományos mesterségek | ||
| 695 | |a Szászrégen | ||
| 773 | 0 | |t Művelődés. - |g 7-8 sz., 1991, 49-50 p. | |